Получение керамических материалов триботехнического назначения на основе нитрида кремния; Химия и химическая технология в XXI веке

Detalles Bibliográficos
Parent link:Химия и химическая технология в XXI веке.— 2018.— [С. 49-50]
Autor Principal: Беляченков И. О.
Autor Corporativo: Всероссийский научно-исследовательский институт авиационных материалов (ВИАМ)
Outros autores: Щеголева Н. Е. (научный руководитель)
Summary:Заглавие с экрана
Idioma:ruso
Publicado: 2018
Series:Химия и химическая технология неорганических веществ и материалов
Subjects:
Acceso en liña:http://earchive.tpu.ru/handle/11683/49751
Formato: Electrónico Capítulo de libro
KOHA link:https://koha.lib.tpu.ru/cgi-bin/koha/opac-detail.pl?biblionumber=626718

MARC

LEADER 00000naa2a2200000 4500
001 626718
005 20231101133427.0
035 |a (RuTPU)RU\TPU\conf\26275 
035 |a RU\TPU\conf\26255 
090 |a 626718 
100 |a 20180620d2018 k y0rusy50 ca 
101 0 |a rus 
102 |a RU 
105 |a y z 101zy 
135 |a drgn ---uucaa 
181 0 |a i  
182 0 |a b 
200 1 |a Получение керамических материалов триботехнического назначения на основе нитрида кремния  |f И. О. Беляченков  |g науч. рук. Н. Е. Щеголева 
203 |a Текст  |c электронный 
225 1 |a Химия и химическая технология неорганических веществ и материалов 
230 |a 1 компьютерный файл (pdf; 819 Kb) 
300 |a Заглавие с экрана 
320 |a [Библиогр.: с. 50 (4 назв.)] 
463 0 |0 (RuTPU)RU\TPU\conf\26227  |t Химия и химическая технология в XXI веке  |o материалы XIX Международной научно-практической конференции студентов и молодых ученых имени профессора Л. П. Кулёва, 21-24 мая 2018 г., г. Томск  |f Национальный исследовательский Томский политехнический университет  |v [С. 49-50]  |d 2018 
610 1 |a электронный ресурс 
610 1 |a керамические материалы 
610 1 |a триботехнология 
610 1 |a нитрид кремния 
610 1 |a добавки 
610 1 |a спекание 
700 1 |a Беляченков  |b И. О. 
702 1 |a Щеголева  |b Н. Е.  |4 727 
712 0 2 |a Всероссийский научно-исследовательский институт авиационных материалов (ВИАМ)  |c (Москва)  |2 stltpush  |3 (RuTPU)RU\TPU\col\14642 
801 2 |a RU  |b 63413507  |c 20180821  |g RCR 
856 4 |u http://earchive.tpu.ru/handle/11683/49751 
942 |c BK